Ensayo sobre la supremacía del papa en general y especialmente con respecto a la instrucción de los obispos

-д хадгалсан:
Номзүйн дэлгэрэнгүй
Үндсэн зохиолч: Moreno, José Ignacio (autor)
Формат: Ном
Хэл сонгох:испани
Хэвлэсэн: París Castellana 1846
Нөхцлүүд:
Шошгууд: Шошго нэмэх
Шошго байхгүй, Энэхүү баримтыг шошголох эхний хүн болох!

MARC

LEADER 00000nam a2200000 a 4500
001 UCP4634
003 CL-VaPUC
008 990806e18460000FR |||||||||||||||||spa|d
082 0 4 |a 262.131  |b MOR  |2 21 
100 |a Moreno, José Ignacio  |e autor  |9 538052 
245 1 0 |a Ensayo sobre la supremacía del papa en general y especialmente con respecto a la instrucción de los obispos 
300 |a 3 v 
942 |c BK 
945 |d 19990806 00:00:00  |a crobeson 
260 |a París  |b Castellana  |c 1846 
650 7 |a INFALIBILIDAD PAPAL  |2 CL-VaPUC  |9 432224 
650 0 |a Papas  |9 258738 
650 0 |a Magisterio eclesiástico  |9 313300 
650 0 |a Documentos pontificios   |9 255642 
650 7 |a OBISPOS  |2 CL-VaPUC  |9 432225 
650 0 |a Iglesia y Estado  |9 254995 
650 0 |a Gobierno eclesiástico  |9 258471 
650 7 |a HISTORIA ECLESIASTICA  |2 CL-VaPUC  |9 432226 
583 |a last modification  |c 19990806 00:00:00  |k Rodrigo Vera 
999 |c 282541  |d 282539 
952 |0 0  |1 0  |4 0  |6 262_131000000000000_MOR_1846  |7 0  |8 X  |9 324383  |a BIBHIS  |b BIBHIS  |d 2019-11-20  |h v.1  |i 1355139  |o 262.131 MOR 1846  |p 1355139  |r 2024-01-30  |w 2019-11-20  |y BK_X  |k HIS 
952 |0 0  |1 0  |4 0  |6 262_131000000000000_MOR_1846  |7 0  |8 X  |9 324384  |a BIBHIS  |b BIBHIS  |d 2019-11-20  |h v.2  |i 1355147  |o 262.131 MOR 1846  |p 1355147  |r 2024-01-30  |w 2019-11-20  |y BK_X  |k HIS 
952 |0 0  |1 0  |4 0  |6 262_131000000000000_MOR_1846  |7 0  |8 X  |9 324385  |a BIBHIS  |b BIBHIS  |d 2019-11-20  |h v.3  |i 1355155  |o 262.131 MOR 1846  |p 1355155  |r 2024-01-30  |w 2019-11-20  |y BK_X  |k HIS